Çağatayca Kur'an tefsiri : (Record no. 15653)

MARC details
000 -BAŞLIK
Sabit Uzunlukta Kontrol Alanı 00817nam a22002297a 4500
999 ## - SİSTEM KONTROL NUMARALARI (KOHA)
Koha Biblionumber 15653
Koha Biblioitemnumber 15653
003 - KONTROL NUMARASI IDENTIFIER
Denetim Alanı MIRAKIL
005 - SON İŞLEM TARİHİ VE ZAMANI
Denetim Alanı 20240315100234.0
008 - SABİT-BOY VERİ ELEMANLARI - GENEL BİLGİLER
Sabit Uzunlukta Kontrol Alanı 240315b tu ||||| |||| 00| 0 tur d
020 ## - ULUSLARARASI STANDART KİTAP NUMARASI
Uluslararası Standart Kitap Numarası 9789751755056
040 ## - KATALOGLAMA KAYNAK
Orijinal Kataloglama Ajansı TR-AnCHP
Metne Dönüştürmek Ajansı TR-AnCHP
041 ## - DİL KODU
Metin / Ses Parça Veya Ayrı Başlığın Dil Kodu tur
082 ## - DEWEY ONLU SINIFLANDIRMA NUMARASI
Sınıflandırma Numarası 297.21
Ürün Numarası Z94ç 2023
100 ## - ANA GİRİŞ - KİŞİSEL İSİM
Kişisel Ad Zülfikar, Hamza
245 10 - BAŞLIK TABLOSU
Başlık Çağatayca Kur'an tefsiri :
Başlığın Kalan (yazılışı: 950/1544) : (dil bilgisi incelemesi-metin) /
Sorumluluk Tablosu, Vb Hamza Zülfikar.
260 ## - YAYIN, DAĞITIM, VB
Yayın, Dağıtım, Vb Yeri Ankara:
Yayıncı, Dağıtıcı, Vs Adı TDK,
Yayın, Dağıtım, Vb Tarihi 2023.
300 ## - FİZİKSEL TANIM
Kapsam 272 s. ;
Boyutlar 24 cm.
490 0# - SERİSİ TABLOSU
Seri Beyanı Atatürk Kültür, Dil ve Tarih Yüksek Kurumu Türk Dil Kurumu Yayınları;
Hacim / Ardışık Tanımı 1519.
504 ## - KAYNAKÇA VB NOT
Kaynakça Vb Notu Kaynakça: 265-272 ss.
650 #0 - KONU KATMA GİRİŞ - TOPİKAL DÖNEM
9 (RLIN) 5190
Topikal Süreli Veya Coğrafi Ad Giriş Elemanı Kur'an-ı Kerim
Genel Alt Bölümü Çağatayca
856 ## - ELEKTRONİK YER VE ERİŞİM
Kamu Notu Dijital Nüshası için Partimizin Kütüphane Sorumlusu ile iletişime geçiniz.
942 ## - EKLENDİ GİRİŞ ELEMANLARI (KOHA)
Sınıflandırma Veya Raf Düzeni Kaynak Dewey Decimal Classification
Koha Öğesi Türü Books
Holdings
Kalıcı Konum Mevcut Konum Edinme Tarihi Toplam Check-Out'Lar Tam Çağrı Numarası Barkod Tarih Son Görülme İtibaren Geçerli Fiyatlar Koha Öğesi Türü
CHP Kütüphanesi CHP Kütüphanesi 03/15/2024   297.21 Z94ç 2023 21566 03/15/2024 03/15/2024 Books